Southville International School and Colleges

Cybersecurity (Record no. 366046)

000 -LEADER
fixed length control field 00595nam a22001817a 4500
003 - CONTROL NUMBER IDENTIFIER
control field 0
005 - DATE AND TIME OF LATEST TRANSACTION
control field 20240807093049.0
008 - FIXED-LENGTH DATA ELEMENTS--GENERAL INFORMATION
fixed length control field 240807b xxu||||| |||| 00| 0 eng d
020 ## - INTERNATIONAL STANDARD BOOK NUMBER
International Standard Book Number 9781394152858
050 ## - LIBRARY OF CONGRESS CALL NUMBER
Classification number QA 76.9
Item number .C93 2023
245 ## - TITLE STATEMENT
Title Cybersecurity
Remainder of title all-in-one for dummies
260 ## - PUBLICATION, DISTRIBUTION, ETC. (IMPRINT)
Place of publication, distribution, etc Hoboken, New Jersey
Name of publisher, distributor, etc John Wiley & Sons, Inc.
Date of publication, distribution, etc 2023
300 ## - PHYSICAL DESCRIPTION
Extent xxv,690 pages :
Other physical details colored illustrations ;
Dimensions 24cm.
504 ## - BIBLIOGRAPHY, ETC. NOTE
Bibliography, etc Includes bibliographical references, glossary, and index.
650 ## - SUBJECT ADDED ENTRY--TOPICAL TERM
Topical term or geographic name as entry element Computer security.
650 ## - SUBJECT ADDED ENTRY--TOPICAL TERM
Topical term or geographic name as entry element Computer networks--security measures.
942 ## - ADDED ENTRY ELEMENTS (KOHA)
Source of classification or shelving scheme
Koha item type Books
Holdings
Date last seen Total Checkouts Date checked out Lost status Total Renewals Damaged status Withdrawn status Sub Shelving location Source of classification or shelving scheme Current Location Price effective from Source of acquisition Permanent Location Shelving location Full call number Barcode Koha item type Date acquired
2025-08-1112025-08-06 1    College Library2024-08-07Library FundCollege LibraryReserve SectionQA 76.9 .C93 2023C23465Books2024-08-07
2024-11-0412024-10-11 3    College Library2024-08-15Library FundCollege LibraryReserve SectionQA 76.9 .C93 2023C23390Books2024-08-15
Powered by Koha